Statistiques concernant Hunter x Hunter Personnage

Cliquez ici pour prendre le quiz!

Statistiques générales

  • Ce quiz a été pris 1 039 fois
    (96 depuis la dernière actualisation)
  • Le résultat moyen est 20 sur 95

Statistiques - réponses

HintRéponse% Correct
Personnage
Principale 1
Gon
99%
Personnage
Principale 2
Kirua
99%
Personnage
Principale 3
Kurapika
98%
Personnage
Principale 4
Leolio
94%
MagicienHisoka
83%
Roi des fourmisMeruem
58%
Président des HuntersNetero
55%
Chef de la BrigadeKuroro
51%
Frère Zoldyck aux aiguillesIrumi
49%
Garde royale chatPito
49%
Père du personnage
principale
Ging
45%
Candidat numéro
16
Casseur de nouveau
Tompa
39%
Membre numéro
2 de la brigade
Feitan
38%
Grand père de
la famille Zoldyck
Zeno
38%
élève du père du
personnage
principale
Kaito
36%
Tante du personnage
principale
Mito
36%
Garde royale papillonPufu
35%
Membre numéro
1 de la brigade
Nobunaga
34%
Soeur ZoldyckAruka
33%
2eme maitre des
perso
Biscuit
33%
Père de la famille
Zoldyck
Silva
33%
Membre numéro
11 de la brigade
Uvo
33%
Garde royale araignéeYupi
31%
Membre numéro
5 de la brigade
Phinks
29%
Candidat numéro
294
Ninja
Hanzo
26%
Membre numéro
9 de la brigade
Pakunoda
26%
Apprend le nen
avec les perso
Zushi
26%
Frère Zoldyck aux papierskaruto
24%
Examinateur de
la course
Satotsu
24%
Membre numéro
3 de la brigade
Machi
23%
Membre numéro
6 de la brigade
Sharnalk
23%
Maitre des perso
principale
Wing
23%
Membre numéro
7 de la brigade
Franklin
20%
Chef d'escouade caméléonMeleoron
20%
Participant contre
les Kimeras
qui utilise de la fumé
Morau
20%
Participant contre
les Kimeras
qui utilise la banqueroute
Knuckle
19%
Chef d'escouade lionLeor
19%
Serviteur de la
famille Zoldyck
qui utilise des pièces
Goto
18%
Serviteur de la
famille Zoldyck
qui utilise un baton
Kanaria
18%
Adversaire du
Magicien
Kastro
18%
Frère Zoldyck GeekMiruki
18%
Fille du patronNeon
18%
Participant contre
les Kimeras
qui utilise des portails
Nov
18%
Rat des ZodiaquesPariston
18%
Participant contre
les Kimeras
qui utilise une boule de crystal
Pamu
16%
Participant contre
les Kimeras
qui utilise une cage
Shoot
16%
Patron du clan
Boomer
Genthru
15%
Examinateur 1
de cuisine
menchi
15%
Chien de la famille
Zoldyck
Mike
15%
Candidat numéro
245
Abeille
Ponzu
15%
Affronte les perso
à la balle au
prisonnier
Razor
15%
Membre numéro
8 de la brigade
Shizuku
15%
Participant contre
les Kimeras
qui utilise un sniper
Ikarugo
14%
Premier chef d'escouadeKoruto
14%
Examinateur 2
de cuisine
buhara
11%
MilliardaireBattera
10%
Secrétaire du président
des Hunters
Beans
10%
Serviteur de la
famille Zoldyck
qui se transforme en véhicule
Tsubone
10%
Chien des
Zodiaques
Cheadle
9%
Trio de mauvais
Joueur 1
(Tour céleste)
Toupie
Guido
9%
Patron de la mafiaLight
9%
Candidat numéro
53
à l'arc
Pokkuru
9%
Chef d'escouade scorpionZazan
9%
Professionnel des
arnaque
Zepairu
9%
Candidat numéro
197
Frère jumeaux
Amori
8%
Candidat numéro
191
Art martial
bodoro
8%
Membre numéro
10 de la brigade
Bonorenof
8%
Candidat numéro
198
Frère jumeaux
Imori
8%
Membre numéro
12 de la brigade
Korutopi
8%
Candidat numéro
199
Frère jumeaux
Umori
8%
Chef d'escouade loupWerefin
8%
Serviteur de la
famille Zoldyck
qui est la petite fille
de celle qui se tranforme en véhicule
Amane
6%
Chef d'escouade écrevisseBurovuda
6%
Il manipule des
singes
goreinu
6%
Hunter MercenaireTsezugera
6%
Il attaque avec
des ciseaux
Binolt
5%
Mafieuse sans
cheveux
Senritsu
5%
Dirigean de Gorutô-EstDiigo
4%
Serpent des
Zodiaques
Geru
4%
Membre du clan
Boomer
Bara
3%
Dragon des
Zodiaques
Botobai
3%
Tigre des
Zodiaques
Kanzai
3%
Vache des
Zodiaques
Mizaisutom
3%
Lapin des
Zodiaques
Piyon
3%
Trio de mauvais
Joueur 2
(Tour céleste)
Serpent
Riluberto
3%
Examinateur de
la tour au astuce
rippo
3%
Trio de mauvais
Joueur 3
(Tour céleste)
Bras en moins
sadaso
3%
L'exorcisteAbengane
1%
Chef des mafieuxDarzolne
1%
Fourmis chimère libelluleFlutter
1%
Mouton des
Zodiaques
Ginta
1%
Coq des
Zodiaques
Kurukku
1%
Membre du clan
Boomer
Sabu
1%
Cheval des
Zodiaques
Saccho
1%
Singe des
Zodiaques
Saiyu
1%

Distribution des résultats

Percentile par nombre de réponses

% des personnes avec chaque résultat

Votre développement - résultats

Vous n’avez pas pris ce quiz depuis la dernière actualisation